Catálogo

INGENIOUS MECHANISMS : (Registro nro. 49832)

Detalles MARC
000 -LEADER
fixed length control field 00835nam a2200181 a 4500
001 - CONTROL NUMBER
control field 49832
005 - DATE AND TIME OF LATEST TRANSACTION
control field 20180714034654.0
008 - FIXED-LENGTH DATA ELEMENTS--GENERAL INFORMATION
fixed length control field 140415d 000 0 eng d
020 ## - INTERNATIONAL STANDARD BOOK NUMBER
International Standard Book Number 0831110295
041 ## - LANGUAGE CODE
Language code of text/sound track or separate title eng
082 ## - DEWEY DECIMAL CLASSIFICATION NUMBER
Classification number 621.8
Item number ING
245 00 - TITLE STATEMENT
Title INGENIOUS MECHANISMS :
Remainder of title FOR DESIGNERS AND INVENTORS
250 ## - EDITION STATEMENT
Edition statement 1a ed.
260 ## - PUBLICATION, DISTRIBUTION, ETC.
Place of publication, distribution, etc. [s.l.] :
Name of publisher, distributor, etc. INDUSTRIAL PRESS INC.,,
Date of publication, distribution, etc. [s.f.]
300 ## - PHYSICAL DESCRIPTION
Extent 4
Dimensions 23.5 x 15.8 x 3.8
520 ## - SUMMARY, ETC.
Summary, etc. TAKEN TOGETHER, THE FOUR VOLUMENS OF INGENIOUS MECHANISMS FORM A COMPRENHISIVE REFERENCE TREATISE ON MECHANICAL MOVEMENTS UNPARALLEDED IN SCOPE AND USEFULNESS. THE INDIVIDUAL BOOKS ARE SIMILAR IN SIZE AND GENERAL CHARACTER, AND USE SIMILAR CLASSIFICATIONS AND CHAPTER HEADINGS. YET EACH VOLUME IS AN INDEPENDENT WORK ON THE SUBJECT OF MECHANISMS.
650 14 - SUBJECT ADDED ENTRY--TOPICAL TERM
Topical term or geographic name entry element INGENIERIA MECANICA
Existencias
Withdrawn status Lost status Source of classification or shelving scheme Damaged status Not for loan Collection code Home library Current library Shelving location Date acquired Source of acquisition Inventory number Total Checkouts Full call number Barcode Date last seen Date last checked out Price effective from Koha item type
    Dewey Decimal Classification     General Biblioteca Karol Wojtyla Biblioteca Karol Wojtyla Sala general 03/12/2013 Compra 151000000000000000004188   621.8 ING 74452 05/01/2026 17/08/2017 03/12/2013 Libro
    Dewey Decimal Classification     General Biblioteca Karol Wojtyla Biblioteca Karol Wojtyla Sala general 03/12/2013 Compra 151000000000000000004191 1 621.8 ING 74455 05/01/2026 23/05/2019 03/12/2013 Libro
    Dewey Decimal Classification     General Biblioteca Karol Wojtyla Biblioteca Karol Wojtyla Sala general 03/12/2013 Compra 151000000000000000004189   621.8 ING 74453 05/01/2026   03/12/2013 Libro
    Dewey Decimal Classification     General Biblioteca Karol Wojtyla Biblioteca Karol Wojtyla Sala general 03/12/2013 Compra 151000000000000000004190   621.8 ING 74454 05/01/2026   03/12/2013 Libro